[Event "Mont de Marsan op 6th"]
[Site "Mont de Marsan"]
[Date "2006.12.28"]
[Round "6"]
[White "Pujol, Marine"]
[Black "Farge, Patrick"]
[Result "0-1"]
[WhiteElo "1060"]
[BlackElo "1499"]
[PlyCount "54"]
[EventDate "2006.12.26"]
[EventType "swiss"]
[EventRounds "9"]
[EventCountry "FRA"]
[SourceTitle "CBM 116 Extra"]
[Source "ChessBase"]
[SourceDate "2007.03.07"]
[SourceVersion "1"]
[SourceVersionDate "2007.03.07"]
[SourceQuality "1"]

1. c4 e6 2. d3 Nf6 3. Nc3 Bb4 4. Bd2 d5 5. cxd5 exd5 6. Be3 d4 7. Bxd4 Qxd4 8. Nf3 Bxc3+ 9. bxc3 Qxc3+ 10. Nd2 0-0 11. g3 Bd7 12. Bg2 c6 13. 0-0 c5 14. Bxb7 Bc6 15. Bxa8 Bxa8 16. Rc1 Qe5 17. Nf3 Qd5 18. e4 Qc6 19. Ne5 Qd6 20. Nc4 Qc6 21. d4 Rd8 22. d5 Qb7 23. f3 Qa6 24. a3 Nbd7 25. Rc3 Nb6 26. Nxb6 Qxb6 27. Rb3 c4+ 0-1

[Event "Mont de Marsan op 6th"]
[Site "Mont de Marsan"]
[Date "2006.12.27"]
[Round "3"]
[White "Petitcolas, Louis"]
[Black "Pujol, Marine"]
[Result "1-0"]
[WhiteElo "1090"]
[BlackElo "1060"]
[PlyCount "67"]
[EventDate "2006.12.26"]
[EventType "swiss"]
[EventRounds "9"]
[EventCountry "FRA"]
[SourceTitle "CBM 116 Extra"]
[Source "ChessBase"]
[SourceDate "2007.03.07"]
[SourceVersion "1"]
[SourceVersionDate "2007.03.07"]
[SourceQuality "1"]

1. e4 c5 2. Nc3 Nc6 3. Bc4 e6 4. Nf3 d6 5. d3 Nf6 6. Bb3 g6 7. Ba4 Bg7 8. Be3 0-0 9. Bg5 e5 10. Nd5 Qa5+ 11. Nc3 Be6 12. 0-0 Nd4 13. Nh4 Rab8 14. Bb3 Nxb3 15. axb3 Qb4 16. Ra4 Qb6 17. Qf3 Bd7 18. Bxf6 Bxa4 19. bxa4 Qxb2 20. Nd5 Qxc2 21. Bg5 Rbe8 22. Nf6+ Bxf6 23. Bxf6 Re6 24. Bg5 f6 25. Bh6 Rf7 26. Qg4 Qb3 27. Nf5 Kh8 28. Nxd6 Rc7 29. Nc4 Rce7 30. f4 Qxd3 31. f5 gxf5 32. exf5 Rb6 33. Rd1 Qb3 34. Rd8+ 1-0

[Event "Mont de Marsan op 6th"]
[Site "Mont de Marsan"]
[Date "2006.12.26"]
[Round "2"]
[White "Pujol, Marine"]
[Black "Latapie, Vincent"]
[Result "0-1"]
[WhiteElo "1060"]
[BlackElo "1499"]
[PlyCount "32"]
[EventDate "2006.12.26"]
[EventType "swiss"]
[EventRounds "9"]
[EventCountry "FRA"]
[SourceTitle "CBM 116 Extra"]
[Source "ChessBase"]
[SourceDate "2007.03.07"]
[SourceVersion "1"]
[SourceVersionDate "2007.03.07"]
[SourceQuality "1"]

1. c4 Nf6 2. Nc3 e6 3. d3 g6 4. g3 Bg7 5. Bg2 0-0 6. Nf3 c5 7. 0-0 d5 8. cxd5 exd5 9. Ne5 d4 10. Ne4 Nc6 11. Nxc5 Nxe5 12. Bf4 Qe7 13. Ne4 Nxe4 14. Bxe4 g5 15. Bd2 f5 16. Bg2 Rb8 0-1